Statistics for Coldest Countries with Exceptions

Click here to take the quiz!

General Stats

  • This quiz has been taken 2,755 times
    (266 since last reset)
  • The average score is 12 of 15

Answer Stats

° CCountry° F% Correct
-4.4Canada24.0
98%
9.3United States48.7
94%
0.7Mongolia33.3
92%
7.3Kazakhstan45.2
89%
7.9China46.2
86%
7.1North Korea44.9
84%
9.2Chile48.6
83%
2.6Tajikistan36.6
83%
10.0Nepal50.0
82%
2.8Kyrgyzstan37.1
80%
5.8Bhutan42.4
76%
8.0Georgia46.5
75%
8.5Armenia47.3
74%
11.0New Zealand51.8
73%
11.8Turkey53.2
53%

Score Distribution

Percentile by Number Answered

Percent of People with Each Score

Your Score History

You have not taken this quiz since the last reset